Представление документа в формате RUSMARC

Поле Инд. ПП Название Значение
Тип записи a
Библиографический уровень a
001 Контрольный номер 968eca5499db4172a6850228c16135c8
005 Дата корректировки 20181120134548.6
100 a Данные общей обработки 20180822 ||| 0rusy0189 ca
101 0_ a Язык текста rus
102 a Страна публикации RU
200 1_ f Первые сведения об ответственности Л.А. Терехова
a Заглавие Обращения прокурора в защиту неопределенного круга лиц
210 d Дата издания 2018
461 _0 1 2000
a Российский судья
463 _0 1 2000
a №5
v С. 6-10
1 2101
d 2018
1 001ae39429307fe415fa628ec85d5d43bf6
606 a Основная рубрика Гражданское процессуальное право
610 0_ a Ключевые слова УЧАСТНИКИ ПРОЦЕССА
a Ключевые слова ПРОКУРАТУРА
a Ключевые слова ЗАЩИТА ПРАВ И СВОБОД
700 _1 a Фамилия Терехова
b Имя Л.А.
801 _0 a Страна RU
b Организация РГУП
c Дата составления 20180822
g Правила каталогизации PSBO
801 _1 a Страна RU
b Организация РГУП
c Дата составления 20180822
g Правила каталогизации PSBO
901 t Тип документа b
w Контрольный № источника ae39429307fe415fa628ec85d5d43bf6
905 a Дата ввода 20180822